The story of Isabel Bevier.

Bibliographic Details
Main Author: Bane, Juliet Lita, 1887-
Format: Book
Language:English
Published: Peoria, Ill. : C. A. Bennett Co., [1955]
Subjects:

MARC

Tag First Indicator Second Indicator Subfields
LEADER 00000cam a2200000 4500
001 in00000094420
005 20150927110444.0
008 730808s1955 eng u
010 |a  55000579  
035 |a (OCoLC)00674737 
035 |9 AAL6285AM 
040 |c KSU  |d TXA  |d UtOrBLW 
049 |a TXAM  |c 1 [292543]  |c 2 [292544] 
050 0 0 |a TX140.B48  |b B3 
100 1 |a Bane, Juliet Lita,  |d 1887- 
245 1 4 |a The story of Isabel Bevier. 
264 1 |a Peoria, Ill. :  |b C. A. Bennett Co.,  |c [1955] 
264 4 |c [©1955] 
300 |a 191 pages :  |b illustrations ;  |c 22 cm. 
336 |a text  |b txt  |2 rdacontent 
337 |a unmediated  |b n  |2 rdamedia 
338 |a volume  |b nc  |2 rdacarrier 
600 1 0 |a Bevier, Isabel,  |d 1860-1942. 
650 0 |a Home economics teachers. 
999 |a MARS 
999 f f |s f3a875b7-3cf7-3bf5-8191-b709a48c4afb  |i 8dfa898d-1c04-395d-a0e5-923059793505  |t 0 
952 f f |p ric  |a Texas A&M University  |b Rellis Campus  |c Joint Library Facility  |d Remote Storage  |t 0  |e TX140.B48 B3  |h Library of Congress classification  |i unmediated -- volume  |m A14805668305 
998 f f |a TX140.B48 B3  |t 0  |l Remote Storage